• Zbanic Jasmila

di Personal Name

Records bibliografici associati: 1

001 - CONTROL NUMBER

  • control field: 53317

003 - CONTROL NUMBER IDENTIFIER

  • control field: IT-RoPau

005 - DATE AND TIME OF LATEST TRANSACTION

  • control field: 20151203114310.0

008 - FIXED-LENGTH DATA ELEMENTS

  • fixed length control field: 151203|| aca||aabn | a|a d

040 ## - CATALOGING SOURCE

  • Original cataloging agency: IT-RoPau
  • Transcribing agency: IT-RoPau

100 ## - HEADING--PERSONAL NAME

  • Personal name: Zbanic Jasmila
  • Miscellaneous information: Codice regista SPICS: 58855

670 ## - SOURCE DATA FOUND

  • Source citation: Work cat.: (IT-RoPau)107721: Zbanic Jasmila Codice regista SPICS: 58855, SEGRETO DI ESMA (IL) - GRBAVICA SEGRETO DI ESMA (IL) - GRBAVICA (Rif. Codice opera principale : H7196)
CREDITS: SOCIETA' SAN PAOLO Via A.Severo, 58 - ROMA (RM) & PERIODICI SAN PAOLO SRL Via Giotto, 36 MILANO & CISF Via Giotto, 36 MILANO & EDIZIONI SAN PAOLO SRL,  Piazza Soncino, 5 CINISELLO BALSAMO (MI) -- ITALY